Child Labour and The Law

Bibliographic Details
Main Author: Shukla C.K. & Ali S.
Format: Book
Published: India : Sarup & Sons , 2006
Subjects:
Law

MARC

LEADER 00000cam a2200000 7i4500
001 0000091356
005 20230502115535.0
008 230502
020 |a 8176256781 
041 |a English 
090 0 0 |a 305.4896942095   |b SIN 
100 1 |a Shukla C.K. & Ali S. 
245 0 0 |a Child Labour and The Law   |c Shukla C.K. & Ali S. 
260 |a India :   |b Sarup & Sons ,   |c 2006 
650 0 |a Law 
999 |a 0001442292   |b Book   |c Adult Collection   |e Cawangan Bandar Penawar